000 00425nmm a2200157Ia 4500
008 251105s9999||||xx |||||||||||||||||und||
020 _a9788431538972
041 _aspa
100 _aCarmen Cascante, María del
245 0 _aRepostería casera
264 _a[Madrid, España] :
_bDe Vecchi,
_c2012
300 _a0 páginas
650 _aCooking
856 _uhttps://public.digitaliapublishing.com/a/31251
942 _cCF
999 _c81512
_d81512